| 000 | 00000nam##2200000za#4500 |
| 001 | 9.642359 |
| 003 | CaOODSP |
| 005 | 20210624223648 |
| 007 | cr ||||||||||| |
| 008 | 150407|2002||||xxc|||||o f|0| 0 fre|d |
| 040 | |aCaOODSP|bfre |
| 043 | |an-cn--- |
| 086 | 1 |aT52-105/2002F-PDF |
| 110 | 1 |aCanada. |bTransports Canada. |
| 245 | 13|aLa restructuration de l'industrie canadienne du transport aérien : |h[ressource électronique]|btroisième rapport provisoire / |cpréparé par Debra Ward, Observatrice indépendante de la transition de la restructuration de l'industrie du transport aérien. |
| 260 | |aOttawa - Ontario : |bTransports Canada |cAvril 2002. |
| 300 | |a105p. |
| 504 | |aBibliographie. |
| 590 | |a13-19-Supp|b2013-08-14 |
| 691 | 07|aCompagnie aérienne|2gcpds |
| 691 | 07|aRapport d'étape|2gcpds |
| 691 | 07|aRestructuration|2gcpds |
| 775 | 08|tAirline restructuring in Canada : |w(CaOODSP)9.698346 |
| 776 | 0#|tAirline restructuring in Canada : |w(CaOODSP)9.663883 |
| 776 | 0#|tLa restructuration de l'industrie canadienne du transport aérien : |w(CaOODSP)9.663884 |
| 856 | 40|ahttp://publications.gc.ca|qPDF|s497 Ko|uhttps://publications.gc.ca/collections/Collection/T52-105-2002F.pdf |